7 States That Border Colorado Quiz Stats

 Plays Quiz Updated May 18, 2015

Challenge
Share
Tweet
Embed
Score 0/7 Timer 01:00
4 Plays Today
% Correct
Utah
85.7%
New Mexico
82.1%
Wyoming
79.4%
Arizona
76%
Nebraska
75.1%
Kansas
72.5%
Oklahoma
57.8%

You're not logged in!

Compare scores with friends on all Sporcle quizzes.
Join for Free
OR
Log In

You Might Also Like...

Show Comments

Extras

Top Quizzes Today


Score Distribution

Your Account Isn't Verified!

In order to create a playlist on Sporcle, you need to verify the email address you used during registration. Go to your Sporcle Settings to finish the process.

Report this User

Report this user for behavior that violates our Community Guidelines.

Details: